Východnú zdobili piesne V náručí Liptova sa skončil najvýznamnejší folklórny festival na Slovensku

Bibliographic Details
Format: Article
Language:Slovak
Subjects:

MARC

LEADER 00000nab a2200000 a 4500
001 vtls000326486
003 SK-MaSNL
005 20260302225929.0
008 111201c1988 xo 0 slo
015 |a SNBRB19rr/mm-uuuuu 
035 |a CL0326608 
040 |a SNKBUCL  |b slo  |c SNKBUCL  |e AACR2 
041 0 |a slo 
044 |a xo  |c SK 
080 |a 793.31.091.4+784.4.091.4  |2 1981 
080 |a 784.4.091.4  |2 1981 
245 0 0 |a Východnú zdobili piesne  |b V náručí Liptova sa skončil najvýznamnejší folklórny festival na Slovensku 
650 0 7 |a Východná 1988 Východná, Slovensko  |2 snkbucl  |9 958238 
655 7 |a články z novín a časopisov  |2 snkbucl  |9 267496 
773 0 |t Smer  |g Roč. 40, č. 155 (4. 7. 1988), s. /1-2/ 
850 |a Slovenská národná knižnica v Martine  |a MTA001 
852 |a SNK  |b KIS3GCP 
958 |a RK 
992 |a RBX 
999 |c 1531398  |d 1533328